000 00799cab a2200241 4500
001 WB3521-07
008 090401t1999 xxu||||| |||| 00| 0 eng d
035 _a(Sirsi) u93679
041 _aeng
245 _aPrice-paid information
260 _c1999
350 _a0
490 _aProperty Week
_v64(21) 28 May 1999, 2(1)
520 _aLobbyists are confident that details of the price paid for commercial properties will be restored to the Land Registry despite changes to the freedom of information White Paper.
650 _aPROPERTY-COMMERCIAL PROPERTY
650 _aFREEDOM OF INFORMATION BILL
650 _aFREEDOM OF INFORMATION
650 _aHM LAND REGISTRY
650 _aPRICE PAID INFORMATION
690 _aPROPERTY-COMMERCIAL PROPERTY
942 _n0
948 _c02/06/1999
999 _c59376
_d59376